000 00676nam a2200241Ia 4500
003 OSt
005 20220925215739.0
006 a|||||r|||| 00| 0
007 ta
008 220923b |||||||| |||| 00| 0 eng d
037 _cGeneral Book
040 _aRTL
_cRTL
_beng
041 _2eng
_aeng
082 _aX:91, L4
100 _aCooper Robert
_9283432
245 0 _aJob motivation and job deisng
260 _aLondon
_bIPM UK
_c1974
300 _a140p. Bib p 139-40
_ccm.
490 _aInstitute of Personnel Management Publication
650 _aJob Evaluation
_9241457
942 _hX:91, L4
_cGB
_2CC
999 _c569561
_d569561